| 000 | 00573nam a2200181Ia 4500 | ||
|---|---|---|---|
| 008 | 100920s9999 xx 000 0 und d | ||
| 082 |
_b88821 _a891.461 थ 43 |
||
| 100 | _aकुलकर्णी विनायक महादेव. | ||
| 245 | _aविसर्जन. | ||
| 260 |
_bकुलकर्णी विनायक महादेव,पुणे. _c1943 |
||
| 300 |
_a40 _bसाधी |
||
| 365 | _b0.75 | ||
| 520 | _aपदय. | ||
| 630 | _aविसर्जन. | ||
| 650 | _aपदय. | ||
| 730 | _aविसर्जन. | ||
| 942 | _cBOOK | ||
| 999 |
_c729324 _d729321 |
||